Word Ladder: Ralph Wiggum Quiz Stats

 Plays Quiz Updated Jul 29, 2019

Score 0/44 Timer 06:00
0 Plays Today
Clue 4-Letter Word % Correct
'My cat's ____ is Mittens.'• NAME •
97%
DomesticatedTAME
96.1%
Satan's residenceHELL
95.6%
No longer livingDEAD
95.2%
Story or narrativeTALE
94.3%
'Miss Hoover, I glued my ____ to my shoulders.'• HEAD •
94.1%
Grasped; grippedHELD
93.9%
Legal documentDEED
93.6%
'When I ____ up, I'm going to Bovine University.'• GROW •
93.6%
Cowboy's footwearBOOT
93.5%
'I ate too ____ plastic candy.'• MUCH •
92.2%
(To Marge) 'Your hair is ____'• TALL •
92.2%
'This is my swingset. This is my sandbox, I'm not allowed to go in the ____ end.'• DEEP •
92.2%
Way to extinguish a candleBLOW
92%
Give out lightGLOW
91.8%
Rodents that play when the cat's awayMICE
91.3%
Ink spillBLOT
91.3%
Hogwarts has a great oneHALL
90.8%
'Bushes are ____ 'cause they don't have prickers. Unless they do.'• NICE •
88.5%
Reserve a place in advanceBOOK
87.6%
Heavy club, historicallyMACE
84.6%
'He steps on the clutch and the toilet goes flush... ____ to the bus driver'• HAIL •
84%
Clue 4-Letter Word % Correct
Unit of speedMACH
83.9%
Quick furtive lookPEEP
82.4%
It follows pride, proverbiallyFALL
82%
Grime; dirtMUCK
81.8%
'Slow down, Bart! My legs don’t know how to be as ____ as yours.'• LONG •
81.3%
Get ready, for shortPREP
80.9%
'Me ____ English? That's unpossible.'• FAIL •
80%
Poke fun atMOCK
78.5%
Strong, dark German beerBOCK
78.4%
Marvel Character FuryNICK
76.8%
Front of a boatPROW
75.4%
Low-pitched sound, like a bellBONG
74.4%
State of mind or feelingMOOD
73.9%
Position in RugbyPROP
73.4%
Former capital of West GermanyBONN
71.8%
'My cat's breath smells like cat ____.'• FOOD •
71.1%
'Legend of Zelda' protagonistLINK
67.6%
Something helpful or beneficialBOON
66.5%
'Principal Skinner, I got car ____ in your office.'• SICK •
65.8%
'I found a ____ rock in my nose.'• MOON •
65.5%
Long-bodied fishLING
65.3%
Drop in waterSINK
64.5%

Today's Daily Dose

Missing Word
Celine Dion

Word Ladder
Dr. Seuss Books

Quick Pick
Cities in India

Get the Picture
'A' Actresses

You're not logged in!

Compare scores with friends on all Sporcle quizzes.
OR
Log In

Sporcle TV

Today on Sporcle TV


Watch our educational content, quiz creation guides, and fun videos on Sporcle TV.

Show Comments

Extras

Top Quizzes Today


Score Distribution

Your Account Isn't Verified!

In order to create a playlist on Sporcle, you need to verify the email address you used during registration. Go to your Sporcle Settings to finish the process.

Report this User

Report this user for behavior that violates our Community Guidelines.

Details: